Court fees act, 1870 & suits valuation act, 1887 (Record no. 51520)
[ view plain ]
| 000 -LEADER | |
|---|---|
| fixed length control field | 00419nam a2200169Ia 4500 |
| 001 - CONTROL NUMBER | |
| control field | 54109 |
| 005 - DATE AND TIME OF LATEST TRANSACTION | |
| control field | 20210226100214.0 |
| 008 - FIXED-LENGTH DATA ELEMENTS--GENERAL INFORMATION | |
| fixed length control field | 140505s9999 xx 000 0 und d |
| 020 ## - INTERNATIONAL STANDARD BOOK NUMBER | |
| International Standard Book Number | NA |
| 040 ## - CATALOGING SOURCE | |
| Transcribing agency | PK-LaUMT |
| 082 ## - DEWEY DECIMAL CLASSIFICATION NUMBER | |
| Classification number | 346.003 |
| Item number | COU- |
| 245 ## - TITLE STATEMENT | |
| Title | Court fees act, 1870 & suits valuation act, 1887 |
| 260 ## - PUBLICATION, DISTRIBUTION, ETC. (IMPRINT) | |
| Place of publication, distribution, etc | Lahore,Pakistan: |
| Name of publisher, distributor, etc | Nadeem Law Books House, |
| Date of publication, distribution, etc | 2013 |
| 300 ## - PHYSICAL DESCRIPTION | |
| Extent | 232 p. |
| 546 ## - LANGUAGE NOTE | |
| Language note | EN |
| 942 ## - ADDED ENTRY ELEMENTS (KOHA) | |
| Koha item type | Books |
| Withdrawn status | Lost status | Damaged status | Home library | Current library | Date acquired | Full call number | Barcode | Date last seen | Price effective from | Koha item type |
|---|---|---|---|---|---|---|---|---|---|---|
| UMT Main Campus | UMT Main Campus | 2014-05-05 | 346.003 COU- | 64262 | 2024-01-21 | 2014-05-08 | Books |
